100 Największych Miast w Europie z Limitem - Statystyki

Ogólne statystyki
  • Ten quiz został rozwiązany 72 razy
  • Średni wynik to 72 z 100
Odpowiedzi na mapie
Odpowiedzi zakodowano w zielono-czerwonej skali na mapie do tego quizu, zgodnie z poniższymi procentami.
 
Statystyki odpowiedzi
Państwo Miasto Populacja % Poprawnych
Irlandia Dublin 1,2 mln
96%
Wielka Brytania Londyn 8,7 mln
96%
Włochy Rzym 2,7 mln
96%
Hiszpania Madryt 3,4 mln
95%
Rosja Moskwa 13,2 mln
95%
Francja Paryż 2,1 mln
95%
Polska Warszawa 1,7 mln
95%
Hiszpania Barcelona 1,7 mln
93%
Niemcy Berlin 3,7 mln
93%
Polska Kraków 800k
93%
Polska Łódź 650k
93%
Rosja Petersburg 5,6 mln
93%
Polska Poznań 540k
93%
Polska Wrocław 670k
93%
Belgia Bruksela 2 mln
91%
Finlandia Helsinki 680k
91%
Ukraina Kijów 2,9 mln
91%
Dania Kopenhaga 1,4 mln
91%
Portugalia Lizbona 540k
91%
Włochy Mediolan 1,3 mln
91%
Białoruś Mińsk 2 mln
91%
Wlochy Neapol 910k
91%
Norwegia Oslo 720k
91%
Turcja Stambuł 15 mln
91%
Grecja Ateny 3,1 mln
89%
Węgry Budapeszt 1,7 mln
89%
Rumunia Bukareszt 1,7 mln
89%
Niemcy Hamburg 1,8 mln
89%
Francja Marsylia 880k
89%
Niemcy Monachium 1,5 mln
89%
Czechy Praga 1,4 mln
89%
Szwecja Sztokholm 1 mln
89%
Austria Wiedeń 2 mln
89%
Litwa Wilno 590k
89%
Niderlandy Amsterdam 1,1 mln
88%
Łotwa Ryga 590k
88%
Bułgaria Sofia 1,2 mln
88%
Chorwacja Zagrzeb 660k
86%
Serbia Belgrad 1,3 mln
84%
Ukraina Charków 1,4 mln
84%
Mołdawia Kiszyniów 570k
84%
Niderlandy Rotterdam 870k
84%
Wielka Brytania Glasgow 630k
82%
Niemcy Kolonia 1 mln
82%
Słowenia Lublana 290k
82%
Włochy Palermo 620k
82%
Albania Tirana 390k
82%
Wielka Brytania Birmingham 1,1 mln
81%
Słowacja Bratysława 480k
81%
Wielka Brytania Liverpool 510k
81%
Francja Lyon 520k
81%
Grecja Saloniki 800k
81%
Bośnia i Hercegowina Sarajewo 350k
81%
Estonia Tallinn 460k
81%
Hiszpania Walencja 820k
81%
Ukraina Donieck 900k
79%
Włochy Turyn 850k
79%
Niemcy Frankfurt 750k
77%
Szwecja Malmo 370k
77%
Hiszpania Sewilla 690k
77%
Macedonia Północna Skopje 420k
77%
Litwa Kowno 300k
75%
Niderlandy Haga 850k
75%
Szwajcaria Zurych 440k
75%
Ukraina Odessa 1 mln
70%
Belgia Antwerpia 990k
68%
Francja Nicea 350k
68%
Czechy Ostrawa 280k
68%
Szwecja Goteborg 610k
67%
Czechy Brno 400k
65%
Białoruś Grodno 360k
63%
Wielka Brytania Leeds 530k
61%
Hiszpania Saragossa 690k
60%
Francja Tuluza 510k
58%
Norwegia Bergen 290k
56%
Austria Graz 300k
56%
Bułgaria Warna 320k
56%
Serbia Nowy Sad 260k
51%
Niderlandy Eindhoven 320k
47%
Belgia Gent 430k
46%
Rosja Niżny Nowogród 1,2 mln
46%
Białoruś Homel 500k
44%
Rosja Kazań 1,3 mln
44%
Belgia Liege 550k
44%
Dania Aarhus 300k
42%
Ukraina Dniepropietrowsk 960k
42%
Rumunia Kluż-Napoka 290k
42%
Niderlandy Utrecht 400k
40%
Szwecja Uppsala 250k
37%
Rosja Ufa 1,1 mln
35%
Białoruś Witebsk 360k
33%
Finland Espoo 320k
32%
Finlandia Tampere 260k
30%
Belgia Charleroi 360k
28%
Rumunia Konstanca 260k
28%
Bułgaria Płowdiw 330k
26%
Rumunia Jassy 270k
23%
Białoruś Mohylew 350k
23%
Rumunia Timisoara 250k
23%
Finlandia Vantaa 250k
16%
Nie znaleziono quizów pasujących do podanych kryteriów
Rozkład punktacji
Procent ludzi z każdym wynikiem
Percentyl według liczby udzielonych odpowiedzi
Twoja historia wyników
Nie rozwiązałeś tego quizu